000 00813nam a2200241 i 4500
003 DO-SdBNP
005 20240820103058.0
007 ta
008 240820b1982 d ac||| |||| 00| 0 spa d
040 _aDO-SdBNP
_bspa
_cBNPHU
_erda
082 4 _222
100 1 _a García Arévalo, Manuel Antonio,
_d1948-
_959457
_eautor
245 1 0 _aAltos de Chavon /
_cManuel Antonio García Arévalo ; ilustraciones, Leonardo Alvarado
264 _aSanto Domingo :
_bMuseo Arqueológico Regional,
_c1982.
300 _a32 páginas :
_bilustraciones, retratos ;
_c22 cm.
336 _2rdacontent
_atexto
_btxt
337 _2rdamedia
_asin mediación
_bn
338 _2rdacarrier
_avolumen
_bnc
590 _aInventariado, 2024/BT
700 _aAlvarado, Leonardo,
_eilustraciones
_973639
910 _aBtavárez
942 _2ddc
_cLF2
999 _c57487
_d57487